[Event "EU-ch U14 Girls 31st"]
[Site "Mamaia"]
[Date "2023.09.08"]
[Round "4"]
[White "Toroptseva, Yevheniia"]
[Black "Westerhof, Fleur"]
[Result "1-0"]
[WhiteElo "1856"]
[BlackElo "1758"]
[PlyCount "47"]
[EventDate "2023.09.05"]
[EventType "swiss"]
[EventRounds "9"]
[EventCountry "ROU"]
[SourceTitle "EXT 2024"]
[Source "ChessBase"]
[SourceDate "2023.10.10"]
[SourceVersion "1"]
[SourceVersionDate "2023.10.10"]
[SourceQuality "1"]

1. e4 e5 2. Nc3 Nf6 3. f4 d5 4. fxe5 Nxe4 5. Qf3 Nc6 6. Bb5 Nxc3 7. dxc3 Qh4+ 8. g3 Qe4+ 9. Qxe4 dxe4 10. Bxc6+ bxc6 11. Ne2 Bc5 12. h3 0-0 13. Bf4 Bb6 14. 0-0-0 Ba6 15. Nd4 c5 16. Nf5 Rfe8 17. Rhe1 Bb7 18. c4 f6 19. exf6 gxf6 20. Rd7 Bc8 21. Nh6+ Kh8 22. Rf7 Bxh3 23. Rh1 Bg2 24. Ng4 1-0

[Event "Wch U14 Girls"]
[Site "Mamaia"]
[Date "2022.09.14"]
[Round "9"]
[White "Wen, Kally"]
[Black "Toroptseva, Yevheniia"]
[Result "1-0"]
[WhiteElo "1597"]
[BlackElo "1826"]
[PlyCount "115"]
[EventDate "2022.09.06"]
[EventType "swiss"]
[EventRounds "11"]
[EventCountry "ROU"]
[SourceTitle "CBM 210 Extra"]
[Source "ChessBase"]
[SourceDate "2022.11.30"]
[SourceVersion "1"]
[SourceVersionDate "2022.11.30"]
[SourceQuality "1"]

1. d4 Nf6 2. c4 g6 3. g3 Bg7 4. Bg2 0-0 5. Nf3 d6 6. 0-0 Nbd7 7. Nc3 e5 8. dxe5 Nxe5 9. Nxe5 dxe5 10. Bg5 Qxd1 11. Raxd1 c6 12. b3 Be6 13. h3 h6 14. Be3 Rfe8 15. Na4 Nd7 16. Rd2 e4 17. Rfd1 b5 18. cxb5 cxb5 19. Nc5 Nxc5 20. Bxc5 f5 21. f3 Rac8 22. Bb4 e3 23. Rd3 f4 24. gxf4 Bf5 25. Rd5 Rc2 26. Bf1 Rxa2 27. Rxb5 h5 28. Rb7 Bh6 29. Bc5 Bxf4 30. Rxa7 Rd2 31. Rda1 Be5 32. Ra8 Rdd8 33. Rxd8 Rxd8 34. Rc1 Bd4 35. Rd1 Bf6 36. Rxd8+ Bxd8 37. Bxe3 Be7 38. Bd2 Kg7 39. e4 Be6 40. b4 Kf6 41. f4 Bb3 42. Kf2 Bd8 43. Be3 Bc7 44. Kf3 Bb8 45. b5 Bc7 46. Bd3 Be6 47. h4 Bg4+ 48. Kg3 Ke6 49. e5 Kd5 50. Bxg6 Bb8 51. Be8 Ke4 52. Bg1 Kd5 53. Bc6+ Kc4 54. Bb6 Bf5 55. Kf3 Bg4+ 56. Ke4 Bd1 57. f5 Bc2+ 58. Kf4 1-0

[Event "Wch U14 Girls"]
[Site "Mamaia"]
[Date "2022.09.11"]
[Round "6"]
[White "Toroptseva, Yevheniia"]
[Black "Peglau, Charis"]
[Result "0-1"]
[WhiteElo "1826"]
[BlackElo "1938"]
[PlyCount "88"]
[EventDate "2022.09.06"]
[EventType "swiss"]
[EventRounds "11"]
[EventCountry "ROU"]
[SourceTitle "CBM 210 Extra"]
[Source "ChessBase"]
[SourceDate "2022.11.30"]
[SourceVersion "1"]
[SourceVersionDate "2022.11.30"]
[SourceQuality "1"]

1. e4 c6 2. d4 d5 3. e5 Bf5 4. h4 Qc8 5. c4 e6 6. Nc3 h6 7. Be3 dxc4 8. Bxc4 Nd7 9. Rc1 Nb6 10. Qb3 Nxc4 11. Qxc4 Ne7 12. Nge2 Nd5 13. Nxd5 exd5 14. Qb3 Be7 15. Bd2 Qd7 16. Bb4 Bxb4+ 17. Qxb4 a5 18. Qa3 Qe7 19. Qg3 0-0 20. Qf4 Bd3 21. Rc3 Bxe2 22. Kxe2 f6 23. Re3 fxe5 24. Qxe5 Qb4 25. b3 Qa3 26. f4 Qxa2+ 27. Kf3 a4 28. Qe6+ Kh8 29. Qg6 Qd2 30. Qd6 Qxd4 31. g4 Qf6 32. Re6 Qf7 33. Re7 Qg8 34. g5 Qh7 35. Rg1 Qd3+ 36. Re3 Qf5 37. Rg4 h5 38. Rg3 Rad8 39. Qb4 d4 40. Re4 Qd5 41. g6 c5 42. Qd2 Rde8 43. Qd3 Rxf4+ 44. Kxf4 Rf8# 0-1

[Event "Kiev-Lvov Region Blitz"]
[Site "Kiev"]
[Date "2021.09.15"]
[Round "2"]
[White "Hnatyshyn, Anastasiya"]
[Black "Toroptseva, Yevheniia"]
[Result "0-1"]
[WhiteElo "1764"]
[BlackElo "1692"]
[PlyCount "94"]
[EventDate "2021.09.15"]
[EventType "team-match (blitz)"]
[EventRounds "8"]
[EventCountry "UKR"]
[SourceTitle "CBM 204 Extra"]
[Source "ChessBase"]
[SourceDate "2021.11.30"]
[SourceVersion "1"]
[SourceVersionDate "2021.11.30"]
[SourceQuality "1"]
[WhiteTeam "Lvov Region"]
[BlackTeam "Kiev Region"]
[WhiteTeamCountry "UKR"]
[BlackTeamCountry "UKR"]

1. e4 c5 2. Nf3 e6 3. d4 cxd4 4. Nxd4 Nf6 5. Nc3 Nc6 6. Ndb5 Bb4 7. a3 Bxc3+ 8. Nxc3 d5 9. exd5 exd5 10. Bd3 0-0 11. 0-0 d4 12. Ne2 Bg4 13. f3 Bh5 14. Bg5 Qd6 15. Ng3 Bg6 16. f4 Bxd3 17. cxd3 Nd5 18. Ne4 Qc7 19. Qh5 f5 20. Nc5 g6 21. Qf3 Qf7 22. Rac1 Rfe8 23. Rfe1 b6 24. Nb3 Rxe1+ 25. Rxe1 Rc8 26. Nd2 Ne3 27. Rc1 Qd5 28. Qxd5+ Nxd5 29. Nb3 Rc7 30. Kf2 a5 31. Kf3 a4 32. Rxc6 Rxc6 33. Nxd4 Rc1 34. b3 axb3 35. Nxb3 Rc3 36. Na1 Rxd3+ 37. Ke2 Rxa3 38. Nc2 Ra2 39. Kd3 Ra8 40. Kd4 Nc7 41. Ke5 Re8+ 42. Kd6 Ne6 43. Nb4 Nxg5 44. fxg5 Re2 45. Nd3 Rxg2 46. Ke7 Re2+ 47. Kd6 Rxh2 0-1

[Event "Kiev-Lvov Region Rapid"]
[Site "Kiev"]
[Date "2021.09.14"]
[Round "1"]
[White "Hnatyshyn, Anastasiya"]
[Black "Toroptseva, Yevheniia"]
[Result "1/2-1/2"]
[WhiteElo "1764"]
[BlackElo "1692"]
[PlyCount "65"]
[EventDate "2021.09.14"]
[EventType "team-match (rapid)"]
[EventRounds "4"]
[EventCountry "UKR"]
[SourceTitle "CBM 204 Extra"]
[Source "ChessBase"]
[SourceDate "2021.11.30"]
[SourceVersion "1"]
[SourceVersionDate "2021.11.30"]
[SourceQuality "1"]
[WhiteTeam "Lvov Region"]
[BlackTeam "Kiev Region"]
[WhiteTeamCountry "UKR"]
[BlackTeamCountry "UKR"]

1. e4 c5 2. Nf3 Nc6 3. d4 cxd4 4. Nxd4 Nf6 5. Nc3 e6 6. Ndb5 Bb4 7. a3 Bxc3+ 8. Nxc3 d5 9. exd5 exd5 10. Bd3 0-0 11. 0-0 d4 12. Ne2 Bg4 13. f3 Bh5 14. Bg5 Bg6 15. Ng3 Bxd3 16. cxd3 Qd6 17. Bxf6 Qxf6 18. f4 Qd8 19. f5 f6 20. Ne4 Ne5 21. Rc1 Rc8 22. Qb3+ Kh8 23. Nc5 Qb6 24. Qxb6 axb6 25. Ne6 Rfe8 26. Nxd4 Nxd3 27. Rxc8 Rxc8 28. b4 Kg8 29. Nb5 Ne5 30. Rd1 Ng4 31. Re1 Ne5 32. Rd1 Ng4 33. Re1 1/2-1/2

[Event "Kiev Spring op"]
[Site "Kiev"]
[Date "2021.07.14"]
[Round "6"]
[White "Sidletskyi, Ivan"]
[Black "Toroptseva, Yevheniia"]
[Result "0-1"]
[WhiteElo "2170"]
[BlackElo "1655"]
[PlyCount "110"]
[EventDate "2021.07.10"]
[EventType "swiss"]
[EventRounds "9"]
[EventCountry "UKR"]
[SourceTitle "EXT 2024"]
[Source "ChessBase"]
[SourceDate "2023.10.10"]
[SourceVersion "1"]
[SourceVersionDate "2023.10.10"]
[SourceQuality "1"]

1. e4 c5 2. Nf3 e6 3. d4 cxd4 4. Nxd4 Nf6 5. Nc3 Nc6 6. Ndb5 Bb4 7. a3 Bxc3+ 8. Nxc3 d5 9. exd5 exd5 10. Bd3 0-0 11. 0-0 d4 12. Ne2 Bg4 13. Bg5 Re8 14. f3 Bh5 15. Qd2 Bg6 16. Rad1 Qb6 17. Ng3 Nd5 18. Qc1 h6 19. Bf4 Bxd3 20. Rxd3 Nxf4 21. Qxf4 Qc5 22. Ne4 Qxc2 23. Rd2 Qb3 24. Re1 Rad8 25. Rde2 Re5 26. Qg3 Kh8 27. Nd2 Qxb2 28. Nc4 Qxe2 29. Nxe5 Qa2 30. Qh4 Qd5 31. Ng4 Kh7 32. Nf2 d3 33. Rd1 d2 34. Ne4 Qd4+ 35. Qf2 Qb2 36. Rxd2 Rxd2 37. Qxd2 Qxa3 38. Qc2 Qe3+ 39. Kf1 f5 40. Ng3 Nd4 41. Qb1 Qe6 42. Qxb7 Qc4+ 43. Kg1 Qc1+ 44. Kf2 Qc5 45. Qb1 Nc2+ 46. Kf1 a5 47. h4 a4 48. Qa2 Qc3 49. Qe6 Qa1+ 50. Kf2 Qe1+ 51. Qxe1 Nxe1 52. Ne2 a3 53. Nc3 Nd3+ 54. Ke3 Nb4 55. Kf4 Nd5+ 0-1

[Event "Kiev Spring op"]
[Site "Kiev"]
[Date "2021.07.13"]
[Round "5"]
[White "Toroptseva, Yevheniia"]
[Black "Kucherov, Lev"]
[Result "1-0"]
[WhiteElo "1655"]
[BlackElo "1367"]
[PlyCount "59"]
[EventDate "2021.07.10"]
[EventType "swiss"]
[EventRounds "9"]
[EventCountry "UKR"]
[SourceTitle "EXT 2024"]
[Source "ChessBase"]
[SourceDate "2023.10.10"]
[SourceVersion "1"]
[SourceVersionDate "2023.10.10"]
[SourceQuality "1"]

1. e4 c5 2. Nf3 d6 3. d4 cxd4 4. Nxd4 Nf6 5. Nc3 a6 6. Bg5 e6 7. f4 Be7 8. Qf3 Qc7 9. 0-0-0 Nbd7 10. Bd3 b5 11. Rhe1 Bb7 12. Qg3 0-0-0 13. e5 dxe5 14. fxe5 Nxe5 15. Bxb5 axb5 16. Ncxb5 Nh5 17. Nxc7 Nxg3 18. Bxe7 Rd7 19. hxg3 Rxe7 20. Rxe5 Kxc7 21. Nb5+ Kb8 22. Nd6 Bxg2 23. Rb5+ Kc7 24. Rc5+ Kb6 25. b4 Rc7 26. Nc4+ Kb7 27. Rb5+ Ka7 28. Rd3 Ka6 29. Rb6+ Ka7 30. Ra3# 1-0

[Event "Nizami Ganjavi 880 years U17"]
[Site "Tornelo INT"]
[Date "2021.04.03"]
[Round "4.6"]
[White "Sekova, Olivia"]
[Black "Toroptseva, Yevheniia"]
[Result "0-1"]
[WhiteElo "1462"]
[BlackElo "1655"]
[PlyCount "30"]
[EventDate "2021.04.02"]
[EventType "team-swiss (blitz)"]
[EventRounds "9"]
[EventCountry "AZE"]
[SourceTitle "EXT 2023"]
[Source "ChessBase"]
[SourceDate "2022.10.05"]
[SourceVersion "1"]
[SourceVersionDate "2022.10.05"]
[SourceQuality "1"]
[WhiteTeam "Slovakia"]
[BlackTeam "Ukraine"]
[WhiteTeamCountry "SVK"]
[BlackTeamCountry "UKR"]

1. e4 c5 2. Nf3 Nc6 3. d4 cxd4 4. Nxd4 Nf6 5. Nc3 e6 6. Be3 Bb4 7. Qf3 Qa5 8. Nxc6 Bxc3+ 9. bxc3 Qxc3+ 10. Bd2 Qxa1+ 11. Ke2 bxc6 12. g3 Ba6+ 13. Ke3 Bxf1 14. Qf4 e5 15. Qg5 Qd4+ 0-1

[Event "Nizami Ganjavi 880 years U17"]
[Site "Tornelo INT"]
[Date "2021.04.03"]
[Round "5.3"]
[White "Toroptseva, Yevheniia"]
[Black "Ismayilova, Khanim"]
[Result "0-1"]
[WhiteElo "1655"]
[BlackElo "1332"]
[PlyCount "128"]
[EventDate "2021.04.02"]
[EventType "team-swiss (blitz)"]
[EventRounds "9"]
[EventCountry "AZE"]
[SourceTitle "EXT 2023"]
[Source "ChessBase"]
[SourceDate "2022.10.05"]
[SourceVersion "1"]
[SourceVersionDate "2022.10.05"]
[SourceQuality "1"]
[WhiteTeam "Ukraine"]
[BlackTeam "Azerbaijan II"]
[WhiteTeamCountry "UKR"]
[BlackTeamCountry "AZE"]

1. e4 c5 2. Nf3 Nc6 3. c3 d5 4. exd5 Qxd5 5. d4 Nf6 6. Be3 cxd4 7. cxd4 Bg4 8. Be2 e6 9. Nc3 Qd6 10. 0-0 Be7 11. h3 Bh5 12. Nb5 Qb8 13. Qc1 Nd5 14. g4 Bg6 15. Ne5 0-0 16. Nd7 Qd8 17. Nxf8 Bxf8 18. Bf3 Qb6 19. Nc3 Nxd4 20. Bxd5 exd5 21. Bxd4 Qxd4 22. Qd1 Qb6 23. Qb3 Qxb3 24. axb3 d4 25. Nd5 Rd8 26. Nf4 Be4 27. Rfe1 Bf3 28. Nd3 a6 29. b4 h5 30. gxh5 Bxh5 31. Kg2 Bg6 32. Rad1 f6 33. Nf4 Bc2 34. Ne6 Bxd1 35. Nxd8 Ba4 36. Ne6 Bxb4 37. Ra1 Bc6+ 38. f3 d3 39. Rd1 d2 40. Nd4 Bd5 41. b3 Bc3 42. Kf1 b5 43. Ke2 b4 44. Kd3 g5 45. Ne2 Bxf3 46. Ke3 Bd5 47. Nd4 Kh7 48. Kd3 Kg6 49. Ke3 a5 50. Kd3 f5 51. Rb1 Bxd4 52. Kxd4 Bxb3 53. Rxb3 d1Q+ 54. Rd3 Qxd3+ 55. Kxd3 g4 56. hxg4 fxg4 57. Kc4 g3 58. Kb5 g2 59. Ka6 g1Q 60. Kb7 b3 61. Ka8 b2 62. Kb7 b1Q+ 63. Ka8 Qg2+ 64. Ka7 Qbb7# 0-1

[Event "Wch FIDE Online U10 Girls Europe qual"]
[Site "Tornelo INT"]
[Date "2020.12.07"]
[Round "1"]
[White "Herrero Pena, Laura"]
[Black "Toroptseva, Yevheniia"]
[Result "0-1"]
[WhiteElo "1181"]
[BlackElo "1561"]
[PlyCount "122"]
[EventDate "2020.12.07"]
[EventType "swiss (rapid)"]
[EventRounds "7"]
[EventCountry "ISS"]
[SourceTitle "EXT 2022"]
[Source "ChessBase"]
[SourceDate "2021.10.06"]
[SourceVersion "1"]
[SourceVersionDate "2021.10.06"]
[SourceQuality "1"]

1. d4 Nf6 2. Nf3 g6 3. Nc3 Bg7 4. e4 d6 5. h3 0-0 6. Be3 e5 7. dxe5 dxe5 8. Nxe5 Nxe4 9. Nxe4 Bxe5 10. c3 Nc6 11. Qxd8 Rxd8 12. Be2 Bf5 13. Bf3 Re8 14. 0-0 Rad8 15. Rad1 Bg7 16. Ng3 Ne5 17. Nxf5 Nxf3+ 18. gxf3 gxf5 19. Kh2 Be5+ 20. f4 Bd6 21. Rg1+ Kf8 22. b4 Re4 23. Rge1 Rde8 24. Kg3 Bxf4+ 25. Kf3 Bxe3 26. Rxe3 Rc4 27. Rd7 Rxe3+ 28. fxe3 Rxc3 29. Kf4 Ke8 30. Rd1 Rc4+ 31. Rd4 Rxd4+ 32. exd4 Ke7 33. Kxf5 f6 34. Ke4 Ke6 35. d5+ Kd6 36. Kf5 Ke7 37. h4 c6 38. dxc6 bxc6 39. h5 Kf7 40. h6 Ke7 41. a3 a6 42. a4 Kf7 43. Kf4 Ke6 44. Ke4 f5+ 45. Kf4 Kf6 46. Kf3 Ke5 47. Ke3 f4+ 48. Kf3 Kf5 49. a5 Kg5 50. Kf2 Kxh6 51. Kf3 Kg5 52. Kf2 Kg4 53. Kg2 h5 54. Kf2 h4 55. Kg2 h3+ 56. Kh2 f3 57. b5 cxb5 58. Kh1 f2 59. Kh2 Kf3 60. Kxh3 f1Q+ 61. Kh2 Qg2# 0-1